Word Ladder: Alice in Wonderland Quiz Stats

Quiz Updated Feb 4, 2015

Challenge
Share
Tweet
Embed
Score 0/36 Timer 04:00
1 Play Today
Hint 4-Letter Word % Correct
❤ Ch. I: “Down the Rabbit ____” ❤ HOLE
99.3%
Skier's rodPOLE
95%
Opinion surveyPOLL
93.7%
Lemon flavorSOUR
86.5%
Female horseMARE
85.8%
❤ Ch. VIII: “Off with her ____!” ❤ HEAD
85.7%
Bird mouthBEAK
85.3%
Make flow from a decanterPOUR
85.2%
Mountain topPEAK
84.7%
UncommonRARE
83.1%
Sweat dropletBEAD
82.4%
Ship's floorDECK
82%
Bearing X and Y chromosomes MALE
81.1%
The second gospelMARK
80.8%
❤ Ch. VI: Tea Party's March ____HARE
80.1%
Quarter bushelPECK
79.4%
Solid and firmHARD
78%
Concern or interestCARE
76.8%
Hint 4-Letter Word % Correct
Business organization (abbrev.)CORP
75.8%
Overthrow of governmentCOUP
75.7%
Mindy's alien friendMORK
74.6%
Flexible string or ropeCORD
74.6%
TwilightDUSK
73.3%
❤ Ch. X: Turtle's song, “Beautiful ____” ❤ SOUP
73.1%
❤ Ch. VIII: One of the Queen's gardeners ❤ CARD
72.2%
❤ Ch. I: What was marked, 'EAT ME' ❤ CAKE
72%
❤ Ch. VI: “Why is a raven like a writing ____?” ❤ DESK
72%
Perfume baseMUSK
70.7%
❤ Ch. II: “The ____ of Tears” ❤ POOL
70.6%
LackingPOOR
69%
Mud and slimeMUCK
65.3%
Lay hold ofTAKE
65.3%
Attacker repellentMACE
64.3%
❤ Ch. III: “. . . and a Long ____ ” ❤ TALE
62.6%
❤ Ch. III: “A Caucus-____ . . . ” ❤ RACE
62.3%
❤ Ch. IX: “The ____ Turtle's Story” ❤ MOCK
61.6%

Today's Daily Dose

You're not logged in!

Compare scores with friends on all Sporcle quizzes.
Sign Up with Email
OR
Log In

You Might Also Like...

Show Comments

Extras

Top Quizzes Today


Score Distribution

Your Account Isn't Verified!

In order to create a playlist on Sporcle, you need to verify the email address you used during registration. Go to your Sporcle Settings to finish the process.